| 000 | 00935nam a2200289 a 4500 | ||
|---|---|---|---|
| 001 | 000110155 | ||
| 003 | CHAP | ||
| 005 | 20220329144120.0 | ||
| 008 | 140728s2012 mx a |r| |||1|||spa d | ||
| 010 | _a106617 | ||
| 011 | _a107589 | ||
| 020 | _a9786070234446 | ||
| 040 | _cCHAP | ||
| 082 | 0 | 4 |
_a584.150972 _bC75 |
| 245 | 0 | 0 |
_aConservación de orquídeas en México / _ccompilado y editado por María de los Ángeles Aída Téllez Velasco. |
| 260 |
_aMéxico : _bUNAM. Instituto de Biología, _c2012. |
||
| 300 |
_a331 p. : _bil., gráfs., cuadros. |
||
| 590 |
_aE11695DGD _b10 _c20140729 _lUCH01 _h0938 |
||
| 590 |
_aE6096MTM _b05 _c20140728 _lUCH01 _h1145 |
||
| 650 | 1 | 4 |
_aFlores silvestres. _941744 |
| 650 | 1 | 4 |
_aOrquidáceas _xConservación. _9126728 |
| 650 | 1 | 4 |
_aOrquidáceas _zMéxico. _983743 |
| 700 | 1 |
_aTéllez Velasco, María de los Ángles Aída _ecomp. y ed. _9113573 |
|
| 901 | _aBK | ||
| 942 | _cLIBRO | ||
| 942 | _n0 | ||
| 999 |
_c106617 _d106617 |
||